Dexter Trivia #3 - Statistics

General Stats
  • This quiz has been taken 27 times
  • The average score is 11 of 20
Answer Stats
Hint Answer % Correct
Who is Dexter's biological Mother? Laura Moser
100%
The series is set in which city? Miami
90%
What is Brian Mosers serial killer name? The Ice Truck Killer
90%
Who killed James Doakes? Lila West
85%
Trinity's kill cycle involved how many victims? 4
80%
Who found the Travis Marshall blood slide? Maria LaGuerta
80%
Who is Rita's abusive ex? Paul Bennett
75%
How many episodes in Resurrection Season 1? 10
70%
What alias does Dexter use around Trinity? Kyle Butler
70%
Who is Miguel Prado's wife? Sylvia Prado
60%
Who arranges Dexter's bachelor party? Vince Masuka
60%
Which cast member was a Cop before acting? David Zayas
45%
Who does Travis Marshall hallucinate? James Gellar
35%
Who is Dexter's first kill in New Blood? Matt Caldwell
35%
Which sport does Harrison try in New Blood? Wrestling
35%
Who does Deb work for in season 8? Jacob Elway
30%
What is the season 4 finale titled? The Getaway
25%
Who owner the Slice of Life before Dexter? Camilla Figg
15%
Who is Leon Prater's bodyguard? Charley Brown
15%
Which actor plays Captain Matthews? Geoff Pierson
0%
No matching quizzes found
Score Distribution
Percent of People with Each Score
Percentile by Number Answered
Your Score History
You have not taken this quiz